Ranga roopa: (Record no. 68999)

MARC details
000 -LEADER
fixed length control field 01043nam a22002297a 4500
005 - DATE AND TIME OF LATEST TRANSACTION
control field 20120814104112.0
010 ## - LCCN (DPL NO)
LC control number B-457222-223
020 ## - INTERNATIONAL STANDARD BOOK NUMBER
International Standard Book Number 9788189738631
Terms of availability 75.00
035 ## - SYSTEM CONTROL NUMBER
System control number B-457222-223
037 ## - SOURCE OF ACQUISITION
Stock number dpl
Source of stock number/acquisition K.K.Pub/Ven
082 ## - DEWEY DECIMAL CLASSIFICATION NUMBER
Classification number 704.948945
100 ## - MAIN ENTRY--PERSONAL NAME
Personal name Goswami, B.M.
245 ## - TITLE STATEMENT
Title Ranga roopa:
Remainder of title Gods, Words, Images/
Statement of responsibility, etc by B.N.Goswami
260 ## - PUBLICATION, DISTRIBUTION, ETC. (IMPRINT)
Place of publication, distribution, etc New Delhi
Name of publisher, distributor, etc Niyogi Books
Date of publication, distribution, etc 2010
270 ## - ADDRESS
Address d-78 okhla industrial area phase-1
City New Delhi
300 ## - PHYSICAL DESCRIPTION
Extent unpaged.
Dimensions 14cm
500 ## - GENERAL NOTE
General note Glossary
942 ## - ADDED ENTRY ELEMENTS (KOHA)
Source of classification or shelving scheme Dewey Decimal Classification
Item type English Books
Call number suffix GOS
Classification part 704.948945
Holdings
Withdrawn status Lost status Not for loan Collection code Home library Current library Date acquired Source of acquisition Cost, normal purchase price Full call number Barcode Copy number Cost, replacement price Koha item type
  Written-off vide DLB M. No. 383 dt 16.05.19   Non-fiction Central Library Central Library 17/08/2012 K.K.Pub/1656/24.01.2012/25/18.01.2012/03.02.2012 75.00 704.948945 GOS B-457222 1 75.00 English Books
      Non-fiction Sarojini Nagar Sarojini Nagar 17/08/2012 K.K.Pub/1656/24.01.2012/25/18.01.2012/03.02.2012 75.00 704.948945 GOS B-457223 1 75.00 English Books

© Delhi Public Library
Hit Counter
free hit counter